000 00474nam a2200181Ia 4500
005 20250508160846.0
008 008 250505s9999 xx 000 0 hin d
037 _aTextual
040 _aFEDL
_beng
_cFEDL
041 _ahin
_2hin
084 _aFH, JOS
_qFEDL
100 _aJoshi Shiv Kumar
245 0 _aSonal chaya
260 _aDelhi, India
_bNational Publishing House
_c1968
300 _a164p.
942 _cTEXL
_hFH, JOS
999 _c1367029
_d1367029